Países más cercanos a Liechtenstein - Estadísticas

Estadísticas generales
  • Esta prueba ha sido intentada 96 veces
  • La puntuación promedio es 18 de 20
Estadísticas de respuestas
km país % Correcto
33 Alemania
100%
0 Suiza
100%
0 Austria
99%
150 Francia
99%
68 Italia
98%
465 Países Bajos
94%
372 Bélgica
93%
556 Eslovaquia
92%
300 Eslovenia
92%
556 Polonia
91%
716 España
90%
492 Hungría
90%
400 Mónaco
90%
334 Chequia
89%
338 Luxemburgo
89%
409 San Marino
89%
617 Ciudad del Vaticano
88%
521 Bosnia y Herzegovina
82%
348 Croacia
78%
720 Serbia
74%
No se encontraron pruebas coincidentes
Distribución de puntuación
Porcentaje de gente con cada puntuación
Porcentaje por número respondido
Historial de tus puntuaciones
No has intentado esta prueba.